Pokémon - Champions d'Arène - Charles (N2/B2) - Statistiques

Statistiques générales
  • Ce quiz a été pris 22 fois
  • Le résultat moyen est 69 sur 100
Statistiques - réponses
Hint Réponse % Correct
Archéodong
100%
Capacités Mur de Fer
100%
Bastiodon
91%
Foretress
91%
Galeking
91%
Capacités Gyroballe
91%
Capacités Luminocanon
91%
Magnézone
91%
Capacités Séisme
91%
Steelix
91%
Capacités Tête de Fer
91%
Type Acier
82%
Type Électrik
82%
Talent Fermeté
82%
Capacités Fulmifer
82%
Type Insecte
82%
Minotaupe
82%
Capacités Mur Lumière
82%
Capacités Picots
82%
Type Psy
82%
Type Roche
82%
Type Sol
82%
Capacités Éboulement
73%
Capacités Malédiction
73%
Capacités Plaie-Croix
73%
Capacités Protection
73%
Objet Baie Sitrus
64%
Capacités Colère
64%
Capacités Dracocharge
64%
Capacités Hypnose
64%
Capacités Piège de Roc
64%
Capacités Psykoud'Boul
64%
Capacités Rayon Chargé
64%
Capacités Déflagration
55%
Capacités Draco-Queue
55%
Objet Orbe Vie
55%
Objet Bandeau Choix
45%
Capacités Poing de Feu
45%
Objet Baie Jouca
36%
Objet Ballon
36%
Capacités Voile Miroir
36%
Capacités Allègement
27%
Capacités Distorsion
27%
Capacités Fracass'Tête
27%
Objet Baie Chocco
18%
Objet Baie Pocpoc
18%
Objet Baie Pomroz
18%
Objet Lumargile
18%
Capacités Abri
9%
Capacités Bouclier
9%
Capacités Explosion
9%
Capacités Sacrifice
9%
Objet Balle Fer
0%
Aucun quiz correspondant
Distribution des résultats
% des personnes avec chaque résultat
Percentile par nombre de réponses
Votre historique - résultats
Vous n’avez pas pris ce quiz